Score 0/15 Timer 03:00
2 Plays Today
% Correct
GNOSES
93.5%
MAGMA
92.6%
BRIDGE
88.5%
THINGS
87.5%
RAGMEN
87.3%
THINGNESS
82.5%
BADGE
82%
GNATTY
79.2%
% Correct
ASPIRING
75.9%
REIGNING
64.5%
STATING
62%
CREATING
48.5%
GNU
45.4%
MATTING
20.8%
PIGMENT
18.7%

You're not logged in!

Compare scores with friends on all Sporcle quizzes.
OR
Log In

Sporcle TV

Today on Sporcle TV


Watch our educational content, quiz creation guides, and fun videos on Sporcle TV.

Show Comments

Extras

Top Quizzes Today


Score Distribution

Paid Content

Your Account Isn't Verified!

In order to create a playlist on Sporcle, you need to verify the email address you used during registration. Go to your Sporcle Settings to finish the process.

Report this User

Report this user for behavior that violates our Community Guidelines.

Details: